[Event "XIII Figueira da Foz Open 2019"]
[Site "Figueira da Foz"]
[Date "2019.11.01"]
[Round "7.19"]
[White "Babo, Miguel"]
[Black "Dong, Rafael"]
[Result "1/2-1/2"]
[WhiteElo "1827"]
[BlackElo "1486"]
[Annotator "NA"]
[PlyCount "128"]
[EventDate "2019.10.27"]
[EventType "swiss"]
[EventCountry "POR"]
[SourceTitle "playchess.com"]
[Source "ChessBase"]
[SourceQuality "1"]
[TimeControl "40/5400+30:1800+30"]

1. d4 d5 2. Nf3 Nf6 3. e3 c6 4. Bd3 Bg4 5. Nbd2 Nbd7 6. h3 Bh5 {[%emt 0:00:59]} 7. Be2 {[%emt 0:05:13] D04: Colle System} (7. O-O e6 8. Qe1 Be7 9. Ne5 Nxe5 10. dxe5 Nd7 11. f4 Bg6 12. e4 O-O 13. exd5 cxd5 14. Bxg6 fxg6 15. Nb3 {0-1 (50) Jussupow,A (2582)-Jaracz,P (2465) Katowice 2017}) 7... e6 {[%emt 0:00:54]} 8. b3 {[%emt 0:01:17]} Bd6 {[%emt 0:00:48]} 9. Bb2 {[%emt 0:00:00]} O-O {[%emt 0:02:57]} 10. O-O {[%emt 0:03:04]} a5 $146 {[%emt 0:05:10]} ({Predecessor:} 10... Qb8 11. Ne1 Bxe2 12. Qxe2 e5 13. dxe5 Bxe5 14. Bxe5 Qxe5 {½-½ (28) Decrop,B (2177)-Hamblok,R (2305) Charleroi 2017}) 11. a4 {[%emt 0:04:25]} Qc7 {[%emt 0:01:08]} 12. c4 {[%emt 0:05:37]} Bg6 {[%emt 0:04:23]} 13. Rc1 {[%emt 0:04:44]} Ne4 {[%emt 0:01:09]} 14. Nxe4 {[%emt 0:00:30]} Bxe4 {[%emt 0:03:28]} 15. Nd2 {[%emt 0:04:22]} Bg6 {[%emt 0:00:27]} 16. Bf3 {[%emt 0:05:06]} Nf6 {[%emt 0:02:39]} 17. Re1 {[%emt 0:02:04]} Bb4 {[%emt 0:09:19]} 18. Bc3 {[%emt 0:01:14]} Ba3 {[%emt 0:00:30]} 19. Ra1 {[%emt 0:00:30]} Be7 $11 {[%emt 0:00:30]} 20. Be2 {[%emt 0:00:30]} Ne4 {[%emt 0:00:30]} 21. Nxe4 {[%emt 0:00:30]} Bxe4 {[%emt 0:00:30]} 22. Qd2 {[%emt 0:00:30]} Rfd8 {[%emt 0:00:30]} 23. Rec1 {[%emt 0:00:30]} b6 {[%emt 0:00:30]} 24. b4 {[%emt 0:00:30]} axb4 {[%emt 0:00:30]} 25. Bxb4 {[%emt 0:00:30]} c5 {[%emt 0:00:30]} 26. cxd5 {[%emt 0:00:30]} exd5 {[%emt 0:00:30]} 27. a5 {[%emt 0:00:30]} Qd7 {[%emt 0:00:30]} 28. dxc5 {[%emt 0:00:30]} bxc5 {[%emt 0:00:30]} 29. Bxc5 {[%emt 0:00:30]} Bxc5 {[%emt 0:00:30]} 30. Rxc5 {[%emt 0:00:30]} Qe7 {[%emt 0:00:30]} 31. Qd4 {[%emt 0:00:30]} Qg5 {[%emt 0:00:30]} 32. f3 {[%emt 0:00:30]} Bf5 {[%emt 0:00:30]} 33. Kh2 {[%emt 0:00:30]} Be6 {[%emt 0:00:30]} 34. Rd1 {[%emt 0:00:30]} h5 {[%emt 0:00:30]} 35. h4 {[%emt 0:00:30]} Qe7 {[%emt 0:00:30]} 36. Rdc1 {[%emt 0:00:30]} Qd6+ {[%emt 0:00:30]} 37. g3 {[%emt 0:00:30]} Qe7 {[%emt 0:00:30]} 38. Kg2 {[%emt 0:00:30]} f6 {[%emt 0:00:30]} 39. Bd3 {[%emt 0:00:30]} Bf7 {[%emt 0:00:30]} 40. Bf5 {[%emt 0:00:30]} Re8 {[%emt 0:00:30]} 41. Kf2 {[%emt 0:30:30]} Be6 {[%emt 0:30:30]} 42. Bg6 {[%emt 0:00:30]} Red8 {[%emt 0:00:30]} 43. Qd3 {[%emt 0:00:30]} Bf7 {[%emt 0:00:30]} 44. Bf5 {[%emt 0:00:30]} Qe5 {[%emt 0:00:30]} 45. Bh3 {[%emt 0:00:30]} Qb2+ {[%emt 0:34:10]} 46. R1c2 {[%emt 0:35:55]} Qb1 {[%emt 0:00:50]} 47. a6 Qh1 {[%emt 0:02:54]} 48. Qf1 {[%emt 0:07:40]} Qh2+ {[%emt 0:00:24]} 49. Bg2 Be6 50. Rc6 {[%emt 0:02:21]} Bh3 {[%emt 0:00:45]} 51. Qh1 {[%emt 0:00:42]} Qxh1 {[%emt 0:00:49]} 52. Bxh1 {[%emt 0:00:01]} Ra7 {[%emt 0:00:46]} 53. f4 {[%emt 0:00:34]} Bf5 {[%emt 0:01:58]} 54. Rd2 {[%emt 0:00:35]} Rad7 {[%emt 0:02:52]} 55. Bf3 {[%emt 0:01:09]} Be4 {[%emt 0:01:18]} 56. Bxe4 {[%emt 0:01:00]} dxe4 {[%emt 0:01:10]} 57. Rxd7 {[%emt 0:02:02]} Rxd7 {[%emt 0:00:04]} 58. Rb6 {[%emt 0:00:16]} Rd2+ {[%emt 0:00:46]} 59. Ke1 {[%emt 0:00:11]} Ra2 {[%emt 0:00:04]} 60. f5 {[%emt 0:00:45]} Kh7 {[%emt 0:00:55]} 61. Kd1 {[%emt 0:00:57]} Kh6 {[%emt 0:01:36]} 62. Kc1 {[%emt 0:00:27]} Kh7 {[%emt 0:00:04]} 63. Kb1 {[%emt 0:00:10]} Ra5 {[%emt 0:00:21]} 64. Kc2 {[%emt 0:00:50]} Ra1 {[%emt 0:00:18]} 1/2-1/2

[Event "XIII Figueira da Foz Open 2019"]
[Site "Figueira da Foz"]
[Date "2019.11.02"]
[Round "8.1"]
[White "Stella, Andrea"]
[Black "Klekowski, Maciej"]
[Result "1/2-1/2"]
[WhiteElo "2484"]
[BlackElo "2481"]
[Annotator "TA"]
[PlyCount "56"]
[EventDate "2019.10.27"]
[EventType "swiss"]
[EventCountry "POR"]
[SourceTitle "playchess.com"]
[Source "ChessBase"]
[SourceQuality "1"]

{[%evp 29,56,-11,0,4,11,0,8,0,0,0,0,0,0,0,12,0,0,0,6,0,27,0,0,-2,-3,-2,-3,-4,0]} 1. d4 Nf6 2. c4 e6 3. Nf3 d5 4. Nc3 Be7 5. Bg5 h6 6. Bh4 O-O 7. e3 b6 8. Be2 Bb7 9. Bxf6 Bxf6 10. cxd5 exd5 11. b4 c6 12. O-O a5 13. bxa5 Rxa5 14. Qb3 Nd7 15. a4 Re8 16. Rfe1 {D58: Queen's Gambit Declined: Tartakower Defence} Ba6 (16... g6 17. Rad1 Bg7 18. e4 Nf8 19. exd5 cxd5 20. Rb1 Ne6 21. Bb5 Re7 22. Qb4 Ra8 23. Bf1 Rc7 24. Qxb6 Rxc3 25. Qxd8+ Rxd8 26. Rxb7 {½-½ (35) Hawkins,J (2533)-Adams,M (2758) Douglas 2014}) 17. Bxa6 Rxa6 18. e4 dxe4 19. Nxe4 Re6 20. Rad1 {[#]} Qe7 $146 ({Predecessor:} 20... Ra5 21. d5 cxd5 22. Rxd5 Rxd5 23. Qxd5 Qe7 24. Kf1 g6 25. Nxf6+ Nxf6 26. Rxe6 Qxe6 27. Qxe6 fxe6 28. Ne5 Nd5 29. Nc4 Kg7 30. a5 bxa5 {½-½ (30) Cooper,J (2318)-Chandler,M (2517) West Bromwich 2003}) 21. Nxf6+ Qxf6 22. Rc1 Rxe1+ 23. Rxe1 {[#] Threatens to win with Re8+.} Ra5 24. h3 Rd5 25. Qc2 g6 {The position is equal.} 26. Qe4 Qd6 27. Qe8+ Qf8 28. Qe4 Qd6 {Accuracy: White = 50%, Black = 47%.} 1/2-1/2

[Event "XIII Figueira da Foz Open 2019"]
[Site "Figueira da Foz"]
[Date "2019.11.02"]
[Round "8.2"]
[White "Galego, Luis"]
[Black "Maiorov, Nikita"]
[Result "1/2-1/2"]
[WhiteElo "2483"]
[BlackElo "2517"]
[Annotator "TA"]
[PlyCount "73"]
[EventDate "2019.10.27"]
[EventType "swiss"]
[EventCountry "POR"]
[SourceTitle "playchess.com"]
[Source "ChessBase"]
[SourceQuality "1"]

{[%evp 21,73,0,0,0,18,19,43,17,31,14,22,2,13,11,9,0,20,0,0,-2,0,-50,-46,-50,-41,-38,-56,-58,-56,-45,-37,-35,-42,-54,-37,-33,-3,-54,-6,-27,0,-45,-47,-49,-45,-59,-14,-25,0,-45,0,-35,0,-515]} 1. d4 Nf6 2. Nf3 e6 3. c4 b6 4. g3 Bb7 5. Bg2 Bb4+ 6. Nbd2 O-O 7. O-O Be7 8. Qc2 d5 9. Ne5 c5 10. dxc5 bxc5 11. cxd5 exd5 12. b3 {E16: Queen's Indian: 4 g3 Bb7 5 Bg2 Bb4+} a5 13. Bb2 Na6 {[#]} 14. Rfd1 $146 {White is slightly better.} ({Predecessor:} 14. Rad1 a4 15. bxa4 Nb4 16. Qb1 Qc7 {0-1 (34) Lautier,J (2632)-Karpov,A (2696) Monte Carlo 2000}) 14... Qc8 15. e3 Nb4 16. Qc3 Rd8 17. a3 Nc6 18. Nxc6 Bxc6 19. Nf3 a4 $36 {[%mdl 2048] Black has good play.} 20. Ne5 Be8 21. b4 cxb4 $1 {[%mdl 64] [#] Discovered Attack} 22. axb4 Qxc3 23. Bxc3 Ne4 24. Be1 Bf6 25. f4 Rab8 26. Rd4 Be7 27. Bf1 f6 28. Nf3 Kf8 29. Be2 (29. b5 $11) 29... Bc6 30. g4 Be8 31. Nh4 (31. b5 $5) 31... g6 32. Nf3 Rdc8 33. Ba6 Rc2 34. Bd3 Rcc8 35. Ba6 Rc2 36. Bd3 Rcc8 37. Ne5 $2 {[%mdl 40960] Accuracy: White = 49%, Black = 52%. . An unexpected result.} (37. Ba6 $11) 1/2-1/2

[Event "XIII Figueira da Foz Open 2019"]
[Site "Figueira da Foz"]
[Date "2019.11.02"]
[Round "8.3"]
[White "Clarke, Brandon G I"]
[Black "Grigoryan, Karen H."]
[Result "0-1"]
[WhiteElo "2445"]
[BlackElo "2608"]
[Annotator "RC"]
[PlyCount "115"]
[EventDate "2019.10.27"]
[EventType "swiss"]
[EventCountry "POR"]
[SourceTitle "playchess.com"]
[Source "ChessBase"]
[SourceQuality "1"]
[TimeControl "40/5400+30:1800+30"]

1. e4 {[%emt 0:00:00]} c5 {[%emt 0:00:00]} 2. Nf3 {[%emt 0:00:00]} Nc6 {[%emt 0:00:00]} 3. d4 {[%emt 0:00:00]} cxd4 {[%emt 0:00:00]} 4. Nxd4 {[%emt 0:00:00]} Qb6 {[%emt 0:00:10]} 5. Nb3 {[%emt 0:00:04]} Nf6 {[%emt 0:00:48]} 6. Nc3 {[%emt 0:00:06]} e6 {[%emt 0:00:19]} 7. Qe2 {[%emt 0:00:06]} Qc7 {[%emt 0:00:41]} 8. g4 {[%emt 0:02:05]} d6 {[%emt 0:03:54]} 9. g5 {[%emt 0:00:49]} Nd7 {[%emt 0:00:07]} 10. Be3 {[%emt 0:03:25]} a6 {[%emt 0:00:22]} 11. O-O-O {[%emt 0:00:50]} b5 {[%emt 0:00:09]} 12. f4 {[%emt 0:00:38]} Nb6 {[%emt 0:05:55]} 13. h4 {[%emt 0:06:21]} Na4 {[%emt 0:06:32]} 14. Nxa4 {[%emt 0:05:42]} bxa4 {[%emt 0:00:16]} 15. Nd4 {[%emt 0:00:21]} a3 {[%emt 0:02:43]} 16. Qc4 {[%emt 0:00:41]} Bb7 {[%emt 0:12:07]} 17. f5 {[%emt 0:08:37]} e5 {[%emt 0:14:57]} 18. Nb3 {[%emt 0:00:41]} axb2+ {[%emt 0:01:00]} 19. Kb1 {[%emt 0:01:04]} a5 {[%emt 0:03:40]} 20. Qa4 {[%emt 0:00:50]} Be7 {[%emt 0:08:01]} 21. Rd3 {[%emt 0:06:10]} O-O {[%emt 0:06:30]} 22. Rc3 {[%emt 0:00:03]} Rfc8 {[%emt 0:05:43]} 23. Bb5 {[%emt 0:00:03]} Rab8 {[%emt 0:02:36]} 24. g6 {[%emt 0:23:22]} Ba8 {[%emt 0:01:10]} 25. a3 {[%emt 0:05:39]} Qb7 {[%emt 0:04:02]} 26. Bc4 {[%emt 0:00:04]} Nb4 {[%emt 0:03:19]} 27. gxf7+ {[%emt 0:26:02]} Kf8 {[%emt 0:00:19]} 28. Rg1 {[%emt 0:04:01]} Nxc2 {[%emt 0:04:27]} 29. Bh6 {[%emt 0:03:17]} Nxa3+ {[%emt 0:03:36]} 30. Qxa3 {[%emt 0:00:02]} Qxe4+ {[%emt 0:01:37]} 31. Kxb2 {[%emt 0:00:52]} d5 {[%emt 0:06:07]} 32. Rxg7 {[%emt 0:01:20]} Bxa3+ {[%emt 0:00:07]} 33. Kxa3 {[%emt 0:00:02]} Rb6 {[%emt 0:02:45]} 34. Bxd5 {[%emt 0:01:13]} Qb4+ {[%emt 0:00:48]} 35. Ka2 {[%emt 0:00:01]} Qxc3 {[%emt 0:00:42]} 36. Rg8+ {[%emt 0:02:41]} Ke7 {[%emt 0:00:04]} 37. Rxc8 {[%emt 0:00:32]} Qxc8 {[%emt 0:00:05]} 38. f8=Q+ {[%emt 0:00:12]} Qxf8 {[%emt 0:00:04]} 39. Bxf8+ {[%emt 0:00:05]} Kxf8 {[%emt 0:00:02]} 40. Bxa8 {[%emt 0:00:00]} Rh6 {[%emt 0:00:00]} 41. Nc5 {[%emt 0:02:31]} Ke7 {[%emt 0:14:43]} 42. Ne4 {[%emt 0:00:03]} Rxh4 {[%emt 0:00:36]} 43. Kb3 {[%emt 0:00:40]} Rf4 {[%emt 0:01:52]} 44. f6+ {[%emt 0:00:02]} Kf7 {[%emt 0:04:43]} 45. Kc4 {[%emt 0:04:14]} h5 {[%emt 0:01:58]} 46. Kd5 {[%emt 0:04:04]} Rxf6 {[%emt 0:00:18]} 47. Kxe5 {[%emt 0:01:55]} Ra6 {[%emt 0:00:20]} 48. Bb7 {[%emt 0:05:32]} Ra7 {[%emt 0:01:14]} 49. Kf5 {[%emt 0:00:41]} a4 {[%emt 0:01:59]} 50. Bd5+ {[%emt 0:00:34]} Kg7 {[%emt 0:01:24]} 51. Nc3 {[%emt 0:09:48]} a3 {[%emt 0:00:09]} 52. Ke5 {[%emt 0:00:50]} Ra5 {[%emt 0:00:57]} 53. Kd4 {[%emt 0:00:40]} h4 {[%emt 0:00:42]} 54. Be6 {[%emt 0:05:24]} Kf6 {[%emt 0:00:36]} 55. Bc8 {[%emt 0:00:03]} a2 {[%emt 0:00:52]} 56. Nxa2 {[%emt 0:00:19]} Rxa2 {[%emt 0:00:07]} 57. Ke4 {[%emt 0:00:07]} Ra3 {[%emt 0:00:20]} 58. Kd4 {Ke5+} 0-1

[Event "XIII Figueira da Foz Open 2019"]
[Site "Figueira da Foz"]
[Date "2019.11.02"]
[Round "8.4"]
[White "Spraggett, Kevin"]
[Black "Barski, Radoslaw"]
[Result "1/2-1/2"]
[WhiteElo "2513"]
[BlackElo "2437"]
[Annotator "RC"]
[PlyCount "112"]
[EventDate "2019.10.27"]
[EventType "swiss"]
[EventCountry "POR"]
[SourceTitle "playchess.com"]
[Source "ChessBase"]
[SourceQuality "1"]
[TimeControl "40/5400+30:1800+30"]

1. e4 {[%emt 0:05:49]} e5 {[%emt 0:00:11]} 2. Nf3 {[%emt 0:00:06]} Nc6 {[%emt 0:00:05]} 3. Bb5 {[%emt 0:00:18]} a6 {[%emt 0:00:10]} 4. Ba4 {[%emt 0:00:05]} Nf6 {[%emt 0:00:09]} 5. O-O {[%emt 0:00:07]} Be7 {[%emt 0:00:44]} 6. Re1 {[%emt 0:00:08]} b5 {[%emt 0:00:21]} 7. Bb3 {[%emt 0:00:06]} O-O {[%emt 0:07:07]} 8. c3 {[%emt 0:00:17]} d6 {[%emt 0:00:19]} 9. h3 {[%emt 0:00:28]} Na5 {[%emt 0:00:58]} 10. Bc2 {[%emt 0:00:11]} d5 {[%emt 0:00:03]} 11. d4 {[%emt 0:03:40]} dxe4 {[%emt 0:00:54]} 12. Nxe5 {[%emt 0:00:06]} Bb7 {[%emt 0:00:18]} 13. Nd2 {[%emt 0:09:31]} c5 {[%emt 0:01:44]} 14. Nxe4 {[%emt 0:02:50]} cxd4 {[%emt 0:44:31]} 15. cxd4 {[%emt 0:07:15]} Nxe4 {[%emt 0:03:00]} 16. Bxe4 {[%emt 0:00:08]} Bxe4 {[%emt 0:00:10]} 17. Rxe4 {[%emt 0:00:08]} Qd5 {[%emt 0:00:05]} 18. Re2 {[%emt 0:07:28]} Rad8 {[%emt 0:14:55]} 19. Nf3 {[%emt 0:05:12]} Bd6 {[%emt 0:04:22]} 20. b3 {[%emt 0:02:41]} Nc6 {[%emt 0:01:07]} 21. Bb2 {[%emt 0:00:39]} Ne7 {[%emt 0:03:43]} 22. Qd3 {[%emt 0:15:28]} Qh5 {[%emt 0:03:32]} 23. Rae1 {[%emt 0:02:38]} Nd5 {[%emt 0:00:20]} 24. Bc1 {[%emt 0:00:31]} f6 {[%emt 0:00:43]} 25. Bd2 {[%emt 0:00:48]} Qg6 {[%emt 0:00:58]} 26. Qxg6 {[%emt 0:02:35]} hxg6 {[%emt 0:00:05]} 27. g3 {[%emt 0:05:08]} Kf7 {[%emt 0:00:29]} 28. Ba5 {[%emt 0:03:16]} Rc8 {[%emt 0:00:36]} 29. Nd2 {[%emt 0:00:34]} Rc6 {[%emt 0:07:40]} 30. Ne4 {[%emt 0:00:25]} Ba3 {[%emt 0:00:04]} 31. h4 {[%emt 0:01:06]} Rfc8 {[%emt 0:00:34]} 32. Kf1 {[%emt 0:01:24]} Bf8 {[%emt 0:01:35]} 33. Bd2 {[%emt 0:07:05]} b4 {[%emt 0:00:15]} 34. Ra1 {[%emt 0:04:45]} Rc2 {[%emt 0:03:10]} 35. Ke1 {[%emt 0:00:22]} Be7 {[%emt 0:01:15]} 36. Kd1 {[%emt 0:03:56]} f5 {[%emt 0:01:11]} 37. Ng5+ {[%emt 0:00:47]} Bxg5 {[%emt 0:00:09]} 38. hxg5 {[%emt 0:01:11]} Rb2 {[%emt 0:00:49]} 39. Be1 {[%emt 0:01:02]} Rxe2 {[%emt 0:00:27]} 40. Kxe2 {[%emt 0:00:00]} Rc2+ {[%emt 0:00:00]} 41. Kd1 {[%emt 0:11:53]} Rc6 {[%emt 0:03:39]} 42. Rc1 {[%emt 0:01:07]} Rxc1+ {[%emt 0:03:06]} 43. Kxc1 {[%emt 0:00:02]} Ke6 {[%emt 0:00:09]} 44. Kc2 {[%emt 0:05:49]} Kd6 {[%emt 0:03:22]} 45. Kd3 {[%emt 0:00:26]} Kc6 {[%emt 0:01:03]} 46. Kc4 {[%emt 0:01:05]} a5 {[%emt 0:00:06]} 47. Bd2 {[%emt 0:00:16]} Nb6+ {[%emt 0:00:28]} 48. Kd3 {[%emt 0:00:06]} Nd5 {[%emt 0:11:27]} 49. Bf4 {[%emt 0:00:49]} Nc3 {[%emt 0:01:57]} 50. a3 {[%emt 0:01:46]} Kd5 {[%emt 0:00:19]} 51. axb4 {[%emt 0:06:22]} axb4 {[%emt 0:00:07]} 52. f3 {[%emt 0:00:31]} Nb5 {[%emt 0:02:10]} 53. Be5 {[%emt 0:00:16]} Na7 {[%emt 0:00:13]} 54. Bxg7 {[%emt 0:00:13]} Nc6 {[%emt 0:00:04]} 55. Be5 {[%emt 0:10:32]} Na5 {[%emt 0:01:52]} 56. Kc2 {[%emt 0:00:06]} Nc6 {[%emt 0:00:04]} 1/2-1/2

[Event "XIII Figueira da Foz Open 2019"]
[Site "Figueira da Foz"]
[Date "2019.11.02"]
[Round "8.5"]
[White "Jakubowski, Krzysztof"]
[Black "Rey Malde, Henrique"]
[Result "1-0"]
[WhiteElo "2494"]
[BlackElo "2209"]
[Annotator "TA"]
[PlyCount "81"]
[EventDate "2019.10.27"]
[EventType "swiss"]
[EventCountry "POR"]
[SourceTitle "playchess.com"]
[Source "ChessBase"]
[SourceQuality "1"]

{[%evp 14,81,40,35,62,55,71,71,86,83,76,75,74,79,93,70,87,57,97,64,72,82,75,45,77,38,32,41,41,41,32,42,75,25,27,34,62,55,62,46,87,107,99,71,94,64,133,117,126,106,107,100,234,64,470,173,214,198,211,107,97,101,210,218,382,206,768,472,29993,29994]} 1. c4 d6 2. g3 e5 3. Bg2 Nf6 4. Nc3 c6 5. e4 Be7 6. Nge2 O-O 7. d4 Nbd7 8. O-O h6 {A53: Old Indian Defence without Nf3} (8... a6 9. a4 a5 10. h3 Re8 11. Be3 exd4 12. Bxd4 Nc5 13. g4 Qb6 14. Rb1 Nfd7 15. f4 Qb3 16. Qxb3 Nxb3 {½-½ (39) Munoz Pantoja,M (2616)-Valdes Romero,L (2424) Sabadell 2019}) 9. h3 $146 ({Predecessor:} 9. f4 Re8 10. fxe5 dxe5 11. d5 Nb6 12. Qd3 Bg4 13. Be3 c5 14. Rad1 Bd6 15. Rf2 Bd7 16. h3 {1-0 (27) Kroo,M-Boucek,V (1630) Klatovy 2005}) 9... a5 10. Be3 exd4 {White is better.} 11. Nxd4 Nc5 12. Qc2 Re8 13. Rad1 Qc7 14. g4 Bf8 15. Rd2 Ne6 16. Nf5 Nc5 17. Ng3 Be6 18. Nce2 Rad8 19. g5 hxg5 20. Bxg5 Be7 21. Nd4 Nh7 22. Be3 Bf6 23. Rfd1 g6 24. f4 Bg7 25. Nde2 b6 26. Bd4 Bc8 27. Bxg7 Kxg7 28. Qc3+ Kg8 29. Nd4 Ne6 ({Better is} 29... Na4 $14 30. Qf3 Nc5) 30. Nxe6 $16 Bxe6 31. b3 Bc8 32. Rd3 Bb7 {[#]} (32... d5 $16) 33. h4 $2 $40 {[%mdl 128] White is up to no good.} (33. Nf5 $1 $18 {[%mdl 512]} gxf5 34. Rg3+ Kf8 35. Qh8+ Ke7 36. Qxh7) 33... Qe7 $2 {[%mdl 8192] [#]} (33... d5 $1 $14) 34. h5 $2 (34. Nf5 $1 {[%csl Gf5][%cal Rc3g7][%mdl 512]} Qf6 (34... gxf5 35. Rg3+) 35. Qxf6 Nxf6 36. Nxd6 {[%mdl 64] Double Attack}) 34... Nf6 35. hxg6 fxg6 {[#]} 36. f5 (36. Qd2 $1 $18) 36... Ng4 37. fxg6 {Threatens to win with Nf5.} Qh4 {[#]} (37... Bc8 $16) 38. Nf5 $1 $18 {[%csl Gf5][%cal Rc3g7][%mdl 64] Double Attack} Qh2+ 39. Kf1 {[%csl Gf5][%cal Rc3g7]} Re5 $2 (39... Qf4+ 40. Rf3 Qe5 41. Qxe5 Nxe5) 40. Rg3 Nf6 {[#]} (40... Rf8 $18 41. Rxg4 Bc8) 41. Qxe5 $1 {[%mdl 576] Double Attack, Pin. Accuracy: White = 55%, Black = 29%.} 1-0

[Event "XIII Figueira da Foz Open 2019"]
[Site "Figueira da Foz"]
[Date "2019.11.02"]
[Round "8.6"]
[White "Fernandes, Miguel A. Murtinho"]
[Black "Martin Duque, Jesus"]
[Result "0-1"]
[WhiteElo "2115"]
[BlackElo "2445"]
[Annotator "TA"]
[PlyCount "52"]
[EventDate "2019.10.27"]
[EventType "swiss"]
[EventCountry "POR"]
[SourceTitle "playchess.com"]
[Source "ChessBase"]
[SourceQuality "1"]

{[%evp 11,52,2,22,0,0,7,14,0,0,-10,0,-22,22,7,35,9,35,24,63,63,77,75,155,-39,-45,-47,-47,-41,-39,-60,0,-50,-50,-87,-54,-129,-140,-140,-147,-155,-151,-243,-239]} 1. d4 d6 2. c4 e5 3. Nf3 e4 4. Nfd2 f5 5. e3 Nf6 6. Nc3 c5 7. Nb3 {A21: English Opening: 1...e5 2 Nc3} Be7 8. Be2 O-O 9. Bd2 $146 {The position is equal.} ({Predecessor:} 9. O-O b6 10. f3 Bb7 11. d5 exf3 12. gxf3 Nbd7 13. a4 {½-½ (23) Kallai,G (2510)-Mokry,K (2530) Strasbourg 1994}) 9... Be6 10. Qc2 Nbd7 {[%cal Bb8d7,Bd7b6,Bb6a4,Ba4c3][%mdl 32]} 11. O-O-O Nb6 12. d5 Bf7 13. f3 Bg6 14. f4 Qd7 15. h3 Na4 {[#]} 16. g4 $1 {[%mdl 512]} fxg4 {[#]} (16... Nxc3 $142 17. Bxc3 a6) 17. hxg4 $2 (17. Nxa4 $1 $16 {Nc3 is the strong threat.} Qxa4 18. hxg4) 17... Nxc3 $15 18. Bxc3 {Strongly threatening Rdg1.} Nxg4 19. Bxg4 Qxg4 20. Nd2 Rae8 ({Black should play} 20... Bf6 $15) 21. Rde1 (21. Rdg1 $5 {[%cal Rg1g4]} Qf5 22. Qb3 $15) 21... a6 22. Rhg1 Qf5 23. Qxe4 {[#]} (23. Nf1 $15) 23... Bh4 $1 $36 {[%mdl 2048] Black is on the roll.} 24. Qxf5 {Black is clearly better.} Rxf5 25. Re2 {[#]} Rxf4 $1 {[%mdl 512]} 26. exf4 (26. Rgg2 $17 Rf5 27. b4) 26... Rxe2 {Accuracy: White = 30%, Black = 40%.} 0-1

[Event "XIII Figueira da Foz Open 2019"]
[Site "Figueira da Foz"]
[Date "2019.11.02"]
[Round "8.8"]
[White "Medarde Santiago, Luis Marcos"]
[Black "Roettgen, Juergen"]
[Result "1-0"]
[WhiteElo "2285"]
[BlackElo "2157"]
[Annotator "RC"]
[PlyCount "113"]
[EventDate "2019.10.27"]
[EventType "swiss"]
[EventCountry "POR"]
[SourceTitle "playchess.com"]
[Source "ChessBase"]
[SourceQuality "1"]
[TimeControl "40/5400+30:1800+30"]

1. e4 {[%emt 0:00:00]} c5 {[%emt 0:00:00]} 2. Nf3 {[%emt 0:00:22]} e6 {[%emt 0:00:00]} 3. d4 {[%emt 0:00:05]} cxd4 {[%emt 0:00:00]} 4. Nxd4 {[%emt 0:00:02]} Nc6 {[%emt 0:00:00]} 5. Nc3 {[%emt 0:00:06]} Qc7 {[%emt 0:00:29]} 6. g3 {[%emt 0:00:06]} a6 {[%emt 0:00:24]} 7. Bg2 {[%emt 0:00:05]} d6 {[%emt 0:02:15]} 8. O-O {[%emt 0:00:05]} Bd7 {[%emt 0:00:19]} 9. Re1 {[%emt 0:00:23]} Be7 {[%emt 0:01:24]} 10. Nxc6 {[%emt 0:00:17]} bxc6 {[%emt 0:00:28]} 11. b3 {[%emt 0:00:12]} Nf6 {[%emt 0:02:35]} 12. e5 {[%emt 0:00:10]} dxe5 {[%emt 0:09:29]} 13. Bb2 {[%emt 0:03:28]} O-O {[%emt 0:11:13]} 14. Na4 {[%emt 0:00:38]} Rad8 {[%emt 0:08:54]} 15. Bxe5 {[%emt 0:05:06]} Qa7 {[%emt 0:13:39]} 16. Qd2 {[%emt 0:00:06]} c5 {[%emt 0:02:12]} 17. Qa5 {[%emt 0:03:19]} Bxa4 {[%emt 0:08:04]} 18. Qxa4 {[%emt 0:02:08]} Nd7 {[%emt 0:11:24]} 19. Bc3 {[%emt 0:03:42]} Bf6 {[%emt 0:02:57]} 20. Bxf6 {[%emt 0:06:31]} Nxf6 {[%emt 0:00:18]} 21. Qa5 {[%emt 0:00:38]} Rd6 {[%emt 0:11:06]} 22. Rad1 {[%emt 0:02:55]} Qb6 {[%emt 0:03:31]} 23. Qxb6 {[%emt 0:02:12]} Rxb6 {[%emt 0:00:02]} 24. Re5 {[%emt 0:00:01]} c4 {[%emt 0:01:59]} 25. Rc5 {[%emt 0:08:13]} cxb3 {[%emt 0:00:23]} 26. axb3 g6 {[%emt 0:01:06]} 27. h3 {[%emt 0:16:22]} h5 {[%emt 0:00:06]} 28. Rd4 {[%emt 0:00:11]} Rb5 {[%emt 0:03:55]} 29. Rdc4 {[%emt 0:04:09]} Rxc5 {[%emt 0:02:58]} 30. Rxc5 {[%emt 0:00:00]} Rd8 {[%emt 0:00:01]} 31. Kf1 {[%emt 0:05:19]} Rd6 {[%emt 0:00:39]} 32. Ke2 {[%emt 0:01:29]} Nd5 {[%emt 0:01:30]} 33. Bxd5 {[%emt 0:03:13]} exd5 {[%emt 0:00:01]} 34. Kd3 {[%emt 0:00:01]} Kf8 {[%emt 0:00:06]} 35. Kd4 {[%emt 0:01:22]} Rf6 {[%emt 0:00:15]} 36. Ke3 {[%emt 0:01:37]} Re6+ {[%emt 0:00:19]} 37. Kd3 {[%emt 0:13:07]} Rf6 {[%emt 0:01:33]} 38. f4 {[%emt 0:05:27]} h4 {[%emt 0:00:22]} 39. Ke3 {[%emt 0:00:06]} hxg3 {[%emt 0:00:15]} 40. Rxd5 {[%emt 0:00:00]} g2 {[%emt 0:00:00]} 41. Rg5 {[%emt 0:00:32]} Rc6 {[%emt 0:01:12]} 42. Rxg2 {[%emt 0:00:41]} Rc3+ {[%emt 0:01:27]} 43. Kd4 {[%emt 0:04:45]} Rxh3 {[%emt 0:00:10]} 44. Kc5 {[%emt 0:03:50]} Rf3 {[%emt 0:04:57]} 45. Kb6 {[%emt 0:00:05]} Rxf4 {[%emt 0:00:08]} 46. Kxa6 {[%emt 0:00:05]} Rf6+ {[%emt 0:04:22]} 47. Kb7 {[%emt 0:01:33]} Re6 {[%emt 0:01:04]} 48. c4 {[%emt 0:02:52]} f5 {[%emt 0:08:11]} 49. c5 {[%emt 0:00:25]} Re3 {[%emt 0:02:31]} 50. Rxg6 {[%emt 0:12:27]} Kf7 {[%emt 0:01:25]} 51. Rb6 {[%emt 0:01:46]} f4 {[%emt 0:04:06]} 52. Rb4 {[%emt 0:00:46]} f3 {[%emt 0:01:24]} 53. c6 {[%emt 0:02:15]} Kg6 {[%emt 0:00:59]} 54. c7 {[%emt 0:03:05]} f2 {[%emt 0:00:42]} 55. c8=Q {[%emt 0:02:07]} Re7+ {[%emt 0:00:47]} 56. Kc6 {[%emt 0:00:46]} f1=Q {[%emt 0:00:11]} 57. Qg4+ {[%emt 0:01:52]} 1-0